Normal view
MARC view
Entry Topical Term
001 - CONTROL NUMBER
- control field: 33538
003 - CONTROL NUMBER IDENTIFIER
- control field: OSt
005 - DATE AND TIME OF LATEST TRANSACTION
- control field: 20220930155628.0
008 - FIXED-LENGTH DATA ELEMENTS
- fixed length control field: 220930|| aca||aabn | a|a d
040 ## - CATALOGING SOURCE
- Original cataloging agency: OSt
- Transcribing agency: OSt
150 ## - HEADING--TOPICAL TERM
- Topical term or geographic name entry element: Government contracting government-non prime reactions, Qualitative comparative analysis.
670 ## - SOURCE DATA FOUND
- Source citation: Work cat.: (OSt): Chen, B. Lulink, J. and Dong, Q. 33537, To have versus to have not: A cross-city configurational analysis of social service contracting
